00616 2200229 4500001002100000005001500021035002000036245005500056100002700111250000600138300003500144260004700179082001000226084001600236020002200252650002700274990001700301990001700318990001700335990001700352990001700369INLIS00000000000067520190125012708 a0010-01190001311 aBudi Daya Tanaman Krisan /cIka Kurniawati Y, S.Pd0 aIka Kurniawati Y, S.Pd a- avi, 58 hlm. :bilus. ;c21 cm. aJakarta :bCV Sinar Cemerlang Abadi,c2007 a635.9 a635.9 IKA b a978-979-1106-24-5 aBunga dan Tanaman Hias a02539/P/2018 a02540/P/2018 a02541/P/2018 a02542/P/2018 a02544/P/2018